| 000 | 01151cam a2200277 i 4500 | ||
|---|---|---|---|
| 003 | OSt | ||
| 005 | 20221213110543.0 | ||
| 008 | 780426t1977 sp b 000 0 spa | ||
| 020 | _a8470392565 | ||
| 040 |
_aDLC _cCO-JMCR |
||
| 041 | 0 | _aspa | |
| 082 | 0 | 4 |
_a335.0946 / _bM186a _223 |
| 100 | 1 |
_aMaeztu, Ramiro de, _eautor _99497 |
|
| 245 | 1 | 0 |
_aArtículos desconocidos, 1897-1904 / _cRamiro de Maeztu ; edición, introducción y notas de E. Inman Fox. |
| 260 |
_aMadrid : _bCastalia, _c©1977 |
||
| 300 |
_a277 páginas ; _c19 cm. |
||
| 490 | 0 |
_aBiblioteca de pensamiento ; _v4 |
|
| 504 | _aBibliografía: páginas [48]-49 | ||
| 520 | 0 | _aEntre los intelectuales españoles de este siglo, tal vez sólo José Ortega y Gasset y Miguel de unamuno han superado a Ramiro De Maeztu (1874-1936) en intensidad de pensamiento e influencia en las corrientes socio-políticas. | |
| 600 | 1 | 0 |
_aMaeztu, Ramiro de, _99498 |
| 650 | 1 | 4 |
_aSocialistas _xBiografía _zEspaña _99499 |
| 650 | 2 | 4 |
_aSocialismo _xEspaña _99500 |
| 650 | 2 | 4 |
_aArtículos periodísticos vascos _zEspaña _ySiglos XIX-XX _99501 |
| 700 | 1 |
_aInman Fox, E., _eeditor _99502 |
|
| 942 |
_2ddc _cBK |
||
| 999 |
_c6809 _d6809 |
||